000 00431nam a22001697a 4500
005 20180718150952.0
008 160526b xxu||||| |||| 00| 0 eng d
020 _a978-0-07-022116-1
041 _aeng
082 _b5326
_a658.1599
100 _aAPTE, P.G.
_91160
245 _aInternational Financial Management
260 _aNew Delhi
_bAcademic Faundation
_c2010
300 _a686p,
650 _aManagement
_9241
942 _cBK
999 _c1877
_d1876